LEADER 01243nam a2200301 u 4500 001 000000072889 003 CaOOAMICUS 005 20070226122306.0 008 020624s1975 it u000 u ita u 035 $a10934545 040 $aPUL(R)$bita 100 1 $aSantini, Alceste.$0(OLS)http://pul/name/36254 245 10$aQuestione cattolica questione comunista /$cAlceste Santini. 260 $aRoma :$bCoines ed.,$c1975. 300 $a175 p. ;$c20 cm 490 1 $aUniversale Coines.$aPolitica e storia ;$v11 500 $aContiene indice. 504 $aBibliografia in nota. 650 4$aComunismo.$0(OLS)http://pul/subject/5132 830 0$aUniversale Coines.$pPolitica e storia ;$v11.$0(OLS)http://pul/title/95867 850 $aPUL 852 $aPUL$W1$xDP1 Cons. Gen., Altre Classi 1$y22$m842 A 77$j94262$nBK-PRI$b $qStampati$B94262$CPULBib$Z2$F94262 $81 852 $aPUL$W1$xDP1 Fondo G. Barberini$y122$m4 C 85$j177681$nBK-PRI$b 2 copia$qFondi$B180782$CPULBib$Z2$F180782 $HBar117 $81 941 1 $a1 941 1 $a8 961 $aINV: 61246 996 $6245$aQuestione cattolica questione comunista$9(OLS)http://pul/title/95866 996 $6260$aRoma :$bCoines ed.$9(OLS)http://pul/publisher/66253 LEADER 01350nam a2200301 u 4500 001 000000054730 003 CaOOAMICUS 005 20070226115715.0 008 001222s1994 it u000 u ita u 035 $a10864408 040 $aPUL(R)$bita 100 1 $aPascal, Blaise,$d1623-1662.$0(OLS)http://pul/name/8943 240 10$aGruppi, scelte$9(Pascal, Blaise, 1623-1662).$lItaliano.$0(OLS)http://pul/title/73349 245 13$aLa morale :$btesti scelti /$cB. Pascal ; introduzione, traduzione e note di Salvatore Nicolosi. 260 $aNapoli :$bIl tripode,$c1994. 300 $a126 p. ;$c21 cm 490 1 $aNuova collana di classici filosofici 504 $aBibliografia: p. [13]-14. 600 14$aPascal, Blaise,$d1623-1662.$0(OLS)http://pul/subject/8514 650 4$aFilosofia morale.$0(OLS)http://pul/subject/560 650 4$aFilosofia e scienza.$0(OLS)http://pul/subject/7564 700 1 $aNicolosi, Salvatore,$d1923-2012.$0(OLS)http://pul/name/7858 830 0$aNuova collana di classici filosofici (Il tripode).$0(OLS)http://pul/title/73351 850 $aPUL 852 $aPUL$W1$xDP1 Fondo Giannini$y60$m1557 E 18$j72053$nBK-PRI$b $qFondi$B72053$CPULBib$Z2$F72053 $81 941 1 $a1 996 $6245$aLa morale :$btesti scelti$9(OLS)http://pul/title/73350 996 $6260$aNapoli :$bIl tripode$9(OLS)http://pul/publisher/68847